000 00883nam a2200289Ia 4500
001 Z_3904
003 CHAP
008 220113s2003 xx 000 0 und d
010 _a166965
040 _cCHAP
090 _aTesis H 1721
100 _aHernández Flores, Edgar
_954004
245 _aDescripción de la producción caprina en el municipio de Metztitlán, Hidalgo /
_cpor Edgar Hernández Flores
260 _aChapingo, Méx. :
_bEl autor,
_c2003
300 _a54 h.
502 _aTesis (Ing. Agr. Esp. en Zootecnia) -- UACH. Departamento de Zootecnia
650 _aGanado cabrío
_x Alimentación
_944990
650 _aGanado cabrío
_x Hidalgo
_945016
650 _aGanado cabrío
_x Producción
_945038
650 _aSistemas de producción
_9106767
901 _aTESIS H 1721
902 _aM
910 _a2003
942 _c2
942 _c2
999 _c166965
_d166965